| 000 | 00618nam a22002057a 4500 | ||
|---|---|---|---|
| 003 | OSt | ||
| 005 | 20140310183128.0 | ||
| 008 | 130531t xxu||||| |||| 00| 0 eng d | ||
| 020 | _a9719226552 | ||
| 050 |
_aKPM 1065 _b.B212 2002 |
||
| 082 |
_aFIL 346.4 _bB22 2002 |
||
| 245 |
_aAuthors, Artists & Book Publishers' Guide on Book Publishing Law and Copyright Law _cTorres-Banaag, Pilar |
||
| 260 |
_aCagayan De Oro City, Philippines _bIwag Printing and Publishing _cc2002 |
||
| 300 | _a101 p. | ||
| 521 | _acollege students | ||
| 526 | _c1210L-1700L | ||
| 541 | _j1 | ||
| 562 | _e1 | ||
| 942 |
_2lcc _cBK _kFIL |
||
| 999 |
_c19085 _d19085 |
||